The Ultimate Friends Quiz Stats

 Plays Quiz Updated Apr 30, 2019

Score 0/75 Timer 15:00
342 Plays Today
Question Answer % Correct
How many babies did Phoebe carry for her brother?Three
99%
Who does Ross marry in Las Vegas?Rachel
95.3%
Why does Carol, Ross' wife leave him?She was a lesbian
94.9%
What is Monica's job?Chef
92.1%
What instrument does Phoebe play?Guitar
91.8%
What Friend was famously overweight as a child?Monica
90.9%
Whose son is Ben?Ross'
90.7%
Where does 'Gunther' work?Central Perk
90.6%
What is Rachel's surname?Green
90.3%
Who marries Chandler and Monica?Joey
90.2%
What was the nationality of Ross' second wife, Emily?English
89.9%
Whose surname is 'Buffay'?Phoebe
89.7%
How many season of the show were made?Ten
89.4%
What is the name of Ross and Rachel's daughter?Emma
88.6%
How many babies are born on the show?Seven
87.9%
Where did Chandler meet Ross?College
87.4%
What is the name of Joey's soap opera?Days of our lives
87.2%
What was the name of Ross' monkey?Marcel
86.7%
What is Rachel wearing when she first appears in the 'Pilot' episode?Wedding Dress
86.3%
Where did Monica and Chandler first get together?London
85.5%
Name one of the designers Rachel works forFortuna Fashions, Bloomingdales, Ralph Lauren
85.2%
What is Phoebe's sister called?Ursula
84.9%
How many Friends have worked in the coffee shop?2 (Joey and Rachel)
83.6%
What types of bird do Joey and Chandler own?Chick and Duck
83.2%
Where does Rachel work before finding work in fashion?Central Perk
83.1%
Which Friend lived on the street when they were younger?Phoebe
82.8%
What is Joey's ethnic origin?Italian
81.5%
Who teaches Rachel and Phoebe about 'Unagi'?Ross
81.3%
Which friend of her parents does Monica date?Richard
80.9%
How is the nude man in the apartment across from Monica's better known?Ugly Naked Guy
80.5%
Name one location (other than New York) in which an ENTIRE episode is set?Many Potential Answers
79.6%
What is the name of the actress who plays Phoebe?Lisa Kudrow
78.7%
Where is Rachel leaving for in 'The Last One'?Paris
78.6%
Whose catchphrase is 'Oh My God!'?Janice
78.6%
Who is the youngest Friend?Rachel
78.1%
Who was 'The Holiday Armadillo'?Ross
78%
How many sisters does Joey have?Seven
77.7%
The 'Geller Cup' is a prize in which sport?Football
77.6%
Question Answer % Correct
Who introduced Phoebe and Mike?Joey
76.8%
Where does Chandler's father live?Las Vegas
74.4%
How many siblings does Chandler have?None
74.2%
What color of sweater belongs to the father of Rachel's baby?Red
74%
Who dated 'The Screamer', 'The Yeti' and the man with the 'Innapropriate Sister'?Rachel
73.7%
What is the name of Joey's agent?Estelle
72.3%
Where do Phoebe and Mike get married?On the Street
69.8%
What surrounds the peep-hole on the door of Monica's apartment?A Photo Frame
69.4%
Where does David the scientist (Phoebe's boyfriend) move to?Minsk
68.8%
How many women give birth before Rachel in the hospital (i.e. the same day)?Five
67.9%
What does Joey wear to Monica and Chandler's wedding?An army uniform
66.8%
Why is Ross suspended from his job at the museum?He has an anger problem
66.1%
Where is Chandler forced to work after falling asleep in a meeting?Tulsa
66%
What type of animal is 'Hugsy'?Penguin
65.7%
What does Monica's dad give her to compensate ruining her childhood possesions? A Porsche
65.7%
What does Chandler do to prove he's sorry to Joey after kissing Cathy, Joey's girlfriend?Spend time in a box
65.5%
Which basketball team do Ross, Joey and Chandler support?New York Knicks
64.8%
Who plays 'Will', an old friend of Monica and Ross' from high school who hates Rachel?Brad Pitt
64.4%
What is Tag's (Rachel's boyfriend) job?Her assistant
63.1%
What is Rachel's father's occupation?Doctor
63%
In 'The one with the lottery', what causes Phoebe to drop the bowl of tickets?A pigeon
59.9%
Where does Chandler tell Janice he has been relocated to to avoid her?Yemen
57.7%
What is 'the giant poking device' made from?Chopsticks
55.7%
Who is the female paleontologist both Ross and Joey date?Charlie
55.6%
What is Chandler's mother's job?Erotic Novelist
55%
Where do Ross and Phoebe get stuck before Ben is born?In a cleaning closet
54.2%
What is Dr. Drake Ramoray's speciality (branch of medicine)?Neurosurgery
53.8%
What is the name of Chandler's roomate after Joey moves out?Eddie
52.6%
What is the name of the neighbour who leaves everything to Monica and Rachel when he dies?Mr Heckles
51.1%
What is Chandler's middle name?Muriel
47.4%
What are Ross and Monica's parent's names?Jack and Judy Geller
45.9%
Which band do Ross, Monica and Chandler go to see for Ross' birthday?Hootie and the Blowfish
43.9%
What was the name of Monica's boyfriend who tried to become the 'Ultimate Fighting Champion'?Pete
39.9%
What part of New York is Rachel originally from?Long Island
38.4%
What is the name of the character Bruce Willis plays for a few episodes?Paul
35.5%
What is Phoebe's adoptive mother's first name?Lily
34.6%
Where does Mike originally attempt to propose to Phoebe?Barbados
31.2%

You're not logged in!

Compare scores with friends on all Sporcle quizzes.
OR
Log In

Sporcle TV

Today on Sporcle TV


Watch our educational content, quiz creation guides, and fun videos on Sporcle TV.

Show Comments

Extras

Top Quizzes Today


Score Distribution

Your Account Isn't Verified!

In order to create a playlist on Sporcle, you need to verify the email address you used during registration. Go to your Sporcle Settings to finish the process.

Report this User

Report this user for behavior that violates our Community Guidelines.

Details: